States by Largest Muslim Population - Statistics

General Stats
  • This quiz has been taken 101 times
  • The average score is 13 of 15
Answer Stats
Hint Answer % Correct
1.3% (504,056) California
98%
3.6% (724,475) New York
97%
2.4% (188,914) Michigan
96%
3.5% (321,652) New Jersey
93%
3.7% (473,792) Illinois
88%
3.1% (188,914) Maryland
84%
1.9% (131,749) Massachusetts
84%
2.0% (114,590) Minnesota
84%
2.0% (169,371) Virginia
84%
1.2% (123,652) Georgia
82%
1.2% (43,905) Connecticut
80%
1.2% (130,661) North Carolina
77%
1.5% (109,765) Arizona
75%
1.2% (68,699) Wisconsin
73%
1.2% (16,894) Maine
66%
No matching quizzes found
Score Distribution
Percent of People with Each Score
Percentile by Number Answered
Your Score History
You have not taken this quiz